000 00669nam a2200193Ii 4500
003 JO-AjNU
008 230605s9999||||xx |||||||||||||| ||und||
040 _aJO-AjNU
_bara
_erda
_cJO-AjNU
041 _aara
050 1 4 _aBP130.4.Q85 1977
100 3 _aالحكيم، توفيق,
_eauthor
_944377
245 0 0 _aمختار تفسير القرطبي: الجامع لأحكام القرآن
264 3 1 _aالقاهرة: الهيئة المصرية العامة للكتاب، 1977
300 _a896ص
336 _atext
_btxt
_2rdacontent
337 _aunmediated
_bn
_2rdamedia
338 _avolume
_bnc
_2rdacarrier
650 4 _aقران كريم - تفسير
_944378
999 _aA19155
_c22723
_d22723